[Event "WLS-ch Minor"]
[Site "Cardiff"]
[Date "2015.04.04"]
[Round "3"]
[White "Griffiths, Daniel"]
[Black "Allen, Timothy S"]
[Result "0-1"]
[WhiteElo "1542"]
[BlackElo "1586"]
[PlyCount "60"]
[EventDate "2015.04.03"]
[EventType "swiss"]
[EventRounds "7"]
[EventCountry "WLS"]
[SourceTitle "EXT 2022"]
[Source "ChessBase"]
[SourceDate "2021.10.06"]
[SourceVersion "1"]
[SourceVersionDate "2021.10.06"]
[SourceQuality "1"]

1. d4 d5 2. c4 e5 3. g3 exd4 4. Qxd4 Nc6 5. Qd1 Be6 6. Bg2 Nge7 7. Bf4 Ng6 8. Be3 dxc4 9. Bxc6+ bxc6 10. Qxd8+ Kxd8 11. Nc3 Bb4 12. 0-0-0+ Ke7 13. Bd4 f6 14. a3 Bd6 15. f3 Rhd8 16. e4 Ne5 17. f4 Nd3+ 18. Kb1 Rdb8 19. b4 c5 20. Be3 cxb4 21. Nd5+ Bxd5 22. exd5 bxa3+ 23. Kc2 Bb4 24. Ne2 Ba5 25. Rb1 a2 26. Rxb8 Rxb8 27. Bd4 Ne1+ 28. Kd1 Rb1+ 29. Nc1 a1Q 30. Bxa1 Rxa1 0-1